Statistics for Planespotting #3

Click here to take the quiz!

General Stats

  • This quiz has been taken 9 times
  • The average score is 5 of 8

Answer Stats

Answer% Correct
Boeing 727
88%
Airbus Beluga
75%
Boeing Dreamlifter
63%
Airbus A400M
50%
Antonov An-124
50%
Boeing 717
50%
McDonnell Douglas DC-10
50%
Lockheed C-5 Galaxy
38%

Score Distribution

Percentile by Number Answered

Percent of People with Each Score

Your Score History

You have not taken this quiz